Statistics for Jeopardy #8421

Click here to take the quiz!

General Stats

  • This quiz has been taken 29 times
  • The average score is 12 of 61

Answer Stats

CategoryCashClueAnswer% Correct
THAT'S HEAVY, MAN$200She's 111'1" tall heel to head & her copper alone weighs 31 tonsthe Statue of Liberty
93%
BODIES OF WATER$200This largest lake in Africa is named for a British queenVictoria
93%
THE MAIN LIQUOR$600In a Gorky Parkvodka
73%
THE MAIN LIQUOR$800In a Planter's Punchrum
67%
THE MAIN LIQUOR$400In a strawberry margaritatequila
67%
THAT'S HEAVY, MAN$400Lolong, a 2,400-pound saltwater one of these reptiles with at least one human death pinned on him, died in 2013a crocodile
60%
A MESSY CATEGORY$400This "Peanuts" character fits the categoryPig-Pen
53%
BODIES OF WATER$400This body of water is centered on the North Polethe Arctic Ocean
53%
THAT'S HEAVY, MAN$600A Nimitz-class this type of ship can weigh more than 100,000 tonsaircraft carrier
47%
THAT'S HEAVY, MAN$800A 4-year restoration plan begun in 2017 stopped this 15.1-ton great hour bell from chiming, save for special occasionsBig Ben
47%
BODIES OF WATER$600Accessible only by ferry, Vashon Island is in this body of water, between Seattle & TacomaPuget Sound
47%
A MESSY CATEGORY$600I'd invite you in, but my place is in total this, the primeval formlessness of the ancient Greek cosmoschaos
40%
THE MAIN LIQUOR$1000In a Caruso, a confirmed bachelor or a Ramos Fizzgin
40%
THAT'S HEAVY, MAN$1000Named for a Civil War general, this World War II tank weighed 33 tons & was powered by a 425-hp enginea Sherman tank
33%
A MESSY CATEGORY$1000Shambles is an old word for one of these workplaces, a literal scene of carnagea slaughter house
33%
CITY FILL IN$800____ Slugger: It's used to hit in the big leaguesLouisville
33%
CITY FILL IN$400____ Rock: It became a symbol of freedom after it split in two in 1774Plymouth
33%
A MESSY CATEGORY$200This newspaper word game with mixed-up letters is also a word meaning a disorderly mixturea Jumble
27%
PLAY TIME IS OVER$200In 1967, killjoys at the NCAA banned this crowd-pleasing basketball shot; they unbanned it in 1976a slam dunk
27%
CITY FILL IN$1600____ sausage: Oddly, in Austria it's called a frankfurterVienna
27%
MOBITUARIES WITH MO ROCCA$400(Mo Rocca presents the clue.) Audrey Hepburn suffered hunger & loss as a teen in Nazi-occupied Netherlands & felt a special bond with this girl born in the same year; the girl's diary evoked such painful wartime memories the Hepburn declined to play her on film, even at the request of the girl's fatherAnne Frank
20%
ENDS IN "GH"$800A depression in the ocean floor, or what a horse drinks froma trough
20%
ASIAN LITERATURE & DRAMA$8001913 Nobel laureate Rabindranath Tagore wrote the words & music to this country's national anthemIndia
20%
MUSICAL SEQUELS$400The sequel to this Broadway hit was once subtitled "Miss Hannigan's Revenge"Annie
13%
MUSICAL SEQUELS$800In the 1982 musical sequel to this movie, the Rydell High exchange student is from Britain, not AustraliaGrease
13%
MUSICAL SEQUELS$1200Zac, Vanessa & the gang spend a summer vacation working at Lava Springs Country Club in 2007's this movie "2"High School Musical
13%
MOBITUARIES WITH MO ROCCA$200(Mo Rocca presents the clue.) I explore these early humans, the archetypal cavemen portrayed as uncivilized & primitive, but who actually exhibited intelligent behavior; and though they've long disappeared, they remain a part of us, showing up today in our DNA testsNeanderthals
13%
MOBITUARIES WITH MO ROCCA$600(Mo Rocca presents the clue.) If places had obituaries, the one for this once powerful territory might have mentioned its spiky hats & its extravagantly mustachioed Kaisers named WilhelmPrussia
13%
U.N. ANNIVERSARIES$400In 2020 the U.N. celebrated the 75th anniversary of its October 1945 founding in this U.S. West Coast citySan Francisco
13%
PLAY TIME IS OVER$400An MLB rule change eliminated the "neighborhood play"; fielders now have to touch this base to record an out theresecond base
13%
MOBITUARIES WITH MO ROCCA$800(Mo Rocca presents the clue.) "He had lived long, did some good and much harm, said one obituary of this "Common Sense" pamphleteer who had only a handful of people show up to his funeral in 1809Thomas Paine
13%
ENDS IN "GH"$1600It's a leave of absence in the military, or mandatory unpaid time off for an employeea furlough
7%
PLAY TIME IS OVER$800In college hoops this play used to happen after every basket, but the possession arrow took over decades agoa jump ball
7%
MOBITUARIES WITH MO ROCCA$1000(Mo Rocca presents the clue.) This English dandy with an alliterative name, was an influencer of men's fashion in the 1800s, counting Lord Byron among his fans; today his name is an old-fashioned term for a fashion plateBeau Brummell
7%
U.N. ANNIVERSARIES$2000In 2011 the U.N. solemnly marked the 50th anniversary of the death of this beloved Swedish secretary-general in a plane crashDag Hammarskjöld
7%
PLAY TIME IS OVER$600In 1992 the NHL began calling this "elevated" penalty above waist level, not just shoulder heighthigh sticking
7%
BODIES OF WATER$800Catumbo lightning is a phenomenon regularly seen over this huge Venezuelan lakeLake Maracaibo
7%
ASIAN LITERATURE & DRAMA$400The traditional Korean form of drama known as talchum involves singing, dancing & the donning of thesemasks
7%
A MESSY CATEGORY$800This 8-letter word for shabby originally described people wearing loose shoesslipshod
7%
U.N. ANNIVERSARIES$8002019 marked the 100th anniversary of the International Labour Organization, once part of this U.N. predecessorthe League of Nations
7%
TIME LINES$800"The time has come", this character says, "to talk of many things: of shoes--and ships--and sealing wax--of cabbages--and kings"the Walrus
7%
ENDS IN "GH"$400It's a 12-letter word for a sudden advancement or development, especially in sciencea breakthrough
0%
ENDS IN "GH"$1200We salute you if you know it's the service song heard here"Anchors Aweigh"
0%
TIME LINES$1200"You must remember" this song that says, "A kiss is just a kiss, a sigh is just a sigh""As Time Goes By"
0%
MUSICAL SEQUELS$160020 years after "Bye, Bye" this guy, "Bring Back" this guy didn't fare so well, closing after 4 performancesBirdie
0%
TIME LINES$1600This book of the Bible mentions "a time to weep, a time to laugh; a time to mourn, and a time to dance"Ecclesiastes
0%
TIME LINES$400In his "Advice to a Young Tradesman", he said, "Remember that time is money"Franklin
0%
PLAY TIME IS OVER$1000After the Raiders won a 1978 game on a play called "The Holy Roller", the NFL cracked down on offensive advances via thesefumbles
0%
CITY FILL IN$2000____ jar: A Dutchman stored electricity in itLeyden
0%
CITY FILL IN$1200____ Ward: Since 1872, great deals for those from Chicago & Alabama alikeMontgomery
0%
ASIAN LITERATURE & DRAMA$1600A collection of verses first translated into English in the 19th century, "The Rubaiyat" is by this Persian poetOmar Khayyam
0%
U.N. ANNIVERSARIES$16002018 marked the 70th anniversary of the U.N.'s first deployment of these blue-helmeted folks, during a 1948 Mideast crisispeacekeepers
0%
ASIAN LITERATURE & DRAMA$1200This acclaimed 1950 multi-perspective film is based on 2 Japanese short storiesRashomon
0%
THE MAIN LIQUOR$200In a Highland FlingScotch whiskey
0%
ENDS IN "GH"$2000It's a synonym for moltslough
0%
TIME LINES$2000At a commencement speech at Stanford in 2005, he said, "Your time is limited, so don't waste it living someone else's life"Steve Jobs
0%
ASIAN LITERATURE & DRAMA$2000Also called "Lunyu", this work is a collection of the sayings & teachings of the philosopher Confuciusthe Analects
0%
MUSICAL SEQUELS$2000"Of Thee I Sing" was such a big hit for these brothers, George & Ira, that they came up with "Let 'Em Eat Cake" (which bombed)the Gershwins
0%
BODIES OF WATER$1000Saudi Arabia lies between the Red Sea & this 93,000-square-mile gulfthe Gulf or Persia (the Persian Gulf)
0%
U.N. ANNIVERSARIES$1200The 20th anniversary celebration of the statute creating the ICC, this agency, included a mock trialthe International Criminal Court
0%
19th CENTURY AMERICAN/A2-word term for the statement saying U.S. policy is "to leave the parties to themselves, in the hope... other powers will (do) the same"the Monroe Doctrine
0%

Score Distribution

Percentile by Number Answered

Percent of People with Each Score

Your Score History

You have not taken this quiz